Random Facts about Dogs Quiz - Statistics

General Stats
  • This quiz has been taken 65 times
  • The average score is 6 of 10
Answer Stats
Hint Answer % Correct
True or False: Dogs see only black and white. False
98%
Most popular dog breed in the world. Labrador
90%
Smallest dog breed by size. Chihuahua
84%
Biggest dog breed by size. Great Dane
83%
Dogs are descendants of what animal? Wolves
74%
How many eyelids do dogs have? 3
52%
Who is the first dog outer space? Laika
52%
Smartest dog breed in the world. (My dog is that kind of dog) Border Collie
50%
The first dog breed. (believed) Basenji
9%
Number of dog breeds: 187-? 354
3%
No matching quizzes found
Score Distribution
Percent of People with Each Score
Percentile by Number Answered
Your Score History
You have not taken this quiz